|
|
|
|
| LEADER |
01647nam a2200409 a 4500 |
| 001 |
EBC3050972 |
| 003 |
MiAaPQ |
| 005 |
20200520144314.0 |
| 006 |
m o d | |
| 007 |
cr cn||||||||| |
| 008 |
121206s2013 njua sb 000 0 eng d |
| 010 |
|
|
|z 2012046931
|
| 020 |
|
|
|z 9789814390118 (hardcover : alk. paper)
|
| 020 |
|
|
|a 9789814390125 (electronic bk.)
|
| 035 |
|
|
|a (MiAaPQ)EBC3050972
|
| 035 |
|
|
|a (Au-PeEL)EBL3050972
|
| 035 |
|
|
|a (CaPaEBR)ebr10692010
|
| 035 |
|
|
|a (CaONFJC)MIL477475
|
| 035 |
|
|
|a (OCoLC)837947822
|
| 040 |
|
|
|a MiAaPQ
|c MiAaPQ
|d MiAaPQ
|
| 050 |
|
4 |
|a HF1411
|b .R525 2013
|
| 082 |
0 |
4 |
|a 382/.9
|2 23
|
| 245 |
0 |
0 |
|a International trade agreements and political economy
|h [electronic resource] /
|c editor, Raymond Riezman.
|
| 260 |
|
|
|a Hackensack, N.J. :
|b World Scientific,
|c 2013.
|
| 300 |
|
|
|a ix, 407 p. :
|b ill.
|
| 490 |
1 |
|
|a Tricontinental series on global economic issues ;
|v v. 3
|
| 504 |
|
|
|a Includes bibliographical references.
|
| 505 |
0 |
|
|a pt. 1. Tariffs and trade agreements -- pt. 2. Political economy and voting models -- pt. 3. International trade topics.
|
| 533 |
|
|
|a Electronic reproduction. Ann Arbor, MI : ProQuest, 2015. Available via World Wide Web. Access may be limited to ProQuest affiliated libraries.
|
| 650 |
|
0 |
|a Commercial policy.
|
| 650 |
|
0 |
|a Commercial treaties.
|
| 650 |
|
0 |
|a International trade.
|
| 655 |
|
4 |
|a Electronic books.
|
| 700 |
1 |
|
|a Riezman, Raymond Glenn.
|
| 710 |
2 |
|
|a ProQuest (Firm)
|
| 830 |
|
0 |
|a Tricontinental series on global economic issues ;
|v v. 3.
|
| 856 |
4 |
0 |
|u https://ebookcentral.proquest.com/lib/matrademy/detail.action?docID=3050972
|z Click to View
|